000 00648nam a2200217 a 4500
005 20210223125349.0
008 040429s2003 mx r 000 0 spa d
020 _a9707310170
035 _aUPN01000133222
049 _aCG
050 4 _aRC526
_bS6.3
100 1 _aSolares, Ignacio,
_d1945-
_930500
245 1 0 _aDelirium tremens /
_cIgnacio Solares.
260 _aMéxico :
_bSuma de Letras,
_c2003.
300 _a237 p.
440 0 _aPunto de lectura ;
_v417.2
500 _a"El infierno que desata el alcoholismo"
650 4 _aDELIRIUM TREMENS -
_xPACIENTES -
_zMEXICO -
_vBIOGRAFIA
_913921
650 4 _aALCOHOLICOS
_92117
905 _aLibro
999 _c105374
_d105374